Lavoro e formazione nell'esperienza educativa della Famiglia Paolina (Record no. 76290)

MARC details
000 -LEADER
fixed length control field 01208nam a2200301Ia 4500
001 - CONTROL NUMBER
control field 8695
003 - CONTROL NUMBER IDENTIFIER
control field IT-RoPAU
008 - FIXED-LENGTH DATA ELEMENTS--GENERAL INFORMATION
fixed length control field 130308s9999 xx 000 0 und d
040 ## - CATALOGING SOURCE
Original cataloging agency IT-RoPAU
040 ## - CATALOGING SOURCE
Transcribing agency IT-RoPAU
041 ## - LANGUAGE CODE
Language code of text/sound track or separate title ITALIANO
999 ## - SYSTEM CONTROL NUMBERS (KOHA)
Koha Dewey Subclass [OBSOLETE] SI
100 ## - MAIN ENTRY--PERSONAL NAME
Personal name Paradiso Nicola
100 ## - MAIN ENTRY--PERSONAL NAME
Miscellaneous information Codice Aut. SPICS: 2886
245 ## - TITLE STATEMENT
Title Lavoro e formazione nell'esperienza educativa della Famiglia Paolina
245 ## - TITLE STATEMENT
Remainder of title Lavoro e Formazione nell'esperienza Educativa della Famiglia Paolina
250 ## - EDITION STATEMENT
Edition statement 1a ed.
260 ## - PUBLICATION, DISTRIBUTION, ETC. (IMPRINT)
Place of publication, distribution, etc. CINISELLO BALSAMO
260 ## - PUBLICATION, DISTRIBUTION, ETC. (IMPRINT)
Name of publisher, distributor, etc. Edizioni Paoline
260 ## - PUBLICATION, DISTRIBUTION, ETC. (IMPRINT)
Date of publication, distribution, etc. 1978 [1° Ed.:1978 - Ed.Ling.Originale:1978]
300 ## - PHYSICAL DESCRIPTION
Extent "124 p. (prefazione: no ; testo: 124)"
500 ## - GENERAL NOTE
General note Tesi di Laurea Lavoro nella Famiglia Paolina Lavoro nel Mondo del Ragazzo Personalità Umano Educativa di Don Giacomo Alberione Alberione e Il Lavorolavoro dei ragazzi Lavoro dei minori e legislazione Italiana Paolino al Lavoro legge N.977 del 17.10.67 Sulla tutela del Lavoro dei fanciulli e degli Adolescenti Cronologia della Vita e Opere di Don Alberione
650 ## - SUBJECT ADDED ENTRY--TOPICAL TERM
Topical term or geographic name as entry element AUTORI/OPERE FAMIGLIA PAOLINA
650 ## - SUBJECT ADDED ENTRY--TOPICAL TERM
Relator term Codice materia Spics: 9903
942 ## - ADDED ENTRY ELEMENTS (KOHA)
Koha item type LIBRO
957 ## -
-- 1
999 ## - SYSTEM CONTROL NUMBERS (KOHA)
-- 1
Holdings
Withdrawn status Lost status Damaged status Not for loan Home library Current library Date acquired Total Checkouts Full call number Date last seen Price effective from Koha item type Public note
    Buone Condizioni Not For Loan SPICS-MEDIATECA SPICS-MEDIATECA 08/03/2013   8695 08/03/2013 08/03/2013 LIBRO Progressivo inserimento: 60409 / N. Volumi: 1 Copie: 1 Copia Rara: SI / data import: 1 marzo 2013 - By Epidotti, Trombetti, Vaglietti.
CREDITS: SOCIETA' SAN PAOLO Via A.Severo, 58 - ROMA (RM) & PERIODICI SAN PAOLO SRL Via Giotto, 36 MILANO & CISF Via Giotto, 36 MILANO & EDIZIONI SAN PAOLO SRL,  Piazza Soncino, 5 CINISELLO BALSAMO (MI) -- ITALY